Umweltmanagement in 22 Lektionen <Ein> ökonomischer Weg in eine ökologische Wirtschaft

Uložené v:
Podrobná bibliografia
Hlavný autor: Schreiner, Manfred
Médium: Kniha
Jazyk:German
Vydavateľské údaje: Wiesbaden Gabler 1993
Vydanie:3. überarb. Aufl.
Predmet:
Tagy: Pridať tag
Žiadne tagy, Buďte prvý, kto otaguje tento záznam!

MARC

LEADER 00000nam a2200000 4500
001 c006292
005 20221206075151.6
020 |a 3-409-33346-0 
041 0 |a ger 
044 |a DE 
245 1 0 |a Umweltmanagement in 22 Lektionen  |b <Ein> ökonomischer Weg in eine ökologische Wirtschaft  |c Manfred Schreiner 
250 |a 3. überarb. Aufl. 
264 1 |a Wiesbaden  |b Gabler  |c 1993 
300 |a 338 s. 
610 2 0 |a ekonómia 
610 2 0 |a ekológia 
610 2 0 |a prostredie životné 
610 2 0 |a podnikanie 
610 2 0 |a ochrana prostredia životného 
610 2 0 |a investície 
610 2 0 |a financovanie 
610 2 0 |a marketing 
610 2 0 |a voda 
610 2 0 |a energia 
610 2 0 |a odpad 
100 1 |a Schreiner, Manfred